<?xml version="1.0" encoding="UTF-8"?>
<record
    xmlns:xsi="http://www.w3.org/2001/XMLSchema-instance"
    xsi:schemaLocation="http://www.loc.gov/MARC21/slim http://www.loc.gov/standards/marcxml/schema/MARC21slim.xsd"
    xmlns="http://www.loc.gov/MARC21/slim">

  <leader>01554nam a22002417a 4500</leader>
  <controlfield tag="005">20230421114738.0</controlfield>
  <controlfield tag="008">220124b           ||||| |||| 00| 0 eng d</controlfield>
  <datafield tag="020" ind1=" " ind2=" ">
    <subfield code="a">8171675344</subfield>
  </datafield>
  <datafield tag="040" ind1=" " ind2=" ">
    <subfield code="c">AL</subfield>
  </datafield>
  <datafield tag="041" ind1=" " ind2=" ">
    <subfield code="a">eng</subfield>
  </datafield>
  <datafield tag="082" ind1=" " ind2=" ">
    <subfield code="2">23</subfield>
    <subfield code="a">331.89</subfield>
    <subfield code="b">SHEI</subfield>
  </datafield>
  <datafield tag="100" ind1=" " ind2=" ">
    <subfield code="a">Stephen Sherlock</subfield>
    <subfield code="9">91511</subfield>
  </datafield>
  <datafield tag="245" ind1=" " ind2=" ">
    <subfield code="a">Indian Railways Strike of 1974: A Study of Power and Organised Labour</subfield>
  </datafield>
  <datafield tag="260" ind1=" " ind2=" ">
    <subfield code="a">New Delhi</subfield>
    <subfield code="b">Rupa &amp; Co.</subfield>
    <subfield code="c">2001</subfield>
  </datafield>
  <datafield tag="300" ind1=" " ind2=" ">
    <subfield code="a">viii,513 p.</subfield>
    <subfield code="b">HB</subfield>
    <subfield code="c">22x14 cm.</subfield>
  </datafield>
  <datafield tag="365" ind1=" " ind2=" ">
    <subfield code="b">395.00</subfield>
    <subfield code="c">&#x20B9;</subfield>
    <subfield code="d">395.00</subfield>
  </datafield>
  <datafield tag="520" ind1=" " ind2=" ">
    <subfield code="a">
Originally presented as the author's thesis (doctoral--University of Sydne)


This book is a study of relationship amongst the railway workers, unions and the state during 1960-74 and their role in bringing about a countrywide railway strike in 1974. The author examines the rejection of the officially sanctioned unions by many railway workers and their attempts to give shape to new organisations which better articulated their interests.Part One of the book analyses the structural relationship amongst the officially recognised unions, railway workers and the management, and the reasons for the recognised unions' declining support. Part Two discusses the strategies followed by the recognised unions to undermine the new unions. Part Three traces the course of the 1974 strike itself and the government's decision to crush the strike.</subfield>
  </datafield>
  <datafield tag="650" ind1=" " ind2=" ">
    <subfield code="a">Railroads-Employees-Labor Unions</subfield>
    <subfield code="9">14574</subfield>
  </datafield>
  <datafield tag="650" ind1=" " ind2=" ">
    <subfield code="a">Strikes and Lockouts-Railroads</subfield>
    <subfield code="9">14575</subfield>
  </datafield>
  <datafield tag="650" ind1=" " ind2=" ">
    <subfield code="a">India</subfield>
    <subfield code="9">14576</subfield>
  </datafield>
  <datafield tag="700" ind1=" " ind2=" ">
    <subfield code="a">SHERLOCK (Stephen)</subfield>
    <subfield code="9">14577</subfield>
  </datafield>
  <datafield tag="942" ind1=" " ind2=" ">
    <subfield code="2">ddc</subfield>
    <subfield code="c">GF</subfield>
  </datafield>
  <datafield tag="999" ind1=" " ind2=" ">
    <subfield code="c">221326</subfield>
    <subfield code="d">221326</subfield>
  </datafield>
  <datafield tag="952" ind1=" " ind2=" ">
    <subfield code="0">0</subfield>
    <subfield code="1">0</subfield>
    <subfield code="2">ddc</subfield>
    <subfield code="4">0</subfield>
    <subfield code="7">0</subfield>
    <subfield code="8">ECO</subfield>
    <subfield code="a">AL</subfield>
    <subfield code="b">AL</subfield>
    <subfield code="d">2013-03-24</subfield>
    <subfield code="l">0</subfield>
    <subfield code="o">331.89 SHEI</subfield>
    <subfield code="p">GF01983</subfield>
    <subfield code="r">2022-01-24 00:00:00</subfield>
    <subfield code="w">2022-01-24</subfield>
    <subfield code="y">GF</subfield>
  </datafield>
  <datafield tag="952" ind1=" " ind2=" ">
    <subfield code="0">0</subfield>
    <subfield code="1">0</subfield>
    <subfield code="2">ddc</subfield>
    <subfield code="4">0</subfield>
    <subfield code="7">0</subfield>
    <subfield code="8">ECO</subfield>
    <subfield code="a">AL</subfield>
    <subfield code="b">AL</subfield>
    <subfield code="d">2013-03-24</subfield>
    <subfield code="g">295.00</subfield>
    <subfield code="l">0</subfield>
    <subfield code="o">331.89 SHEI</subfield>
    <subfield code="p">D04892</subfield>
    <subfield code="r">2023-04-20 00:00:00</subfield>
    <subfield code="v">295.00</subfield>
    <subfield code="w">2022-01-24</subfield>
    <subfield code="y">DB</subfield>
    <subfield code="z">Donated by George Fernandes</subfield>
  </datafield>
  <datafield tag="952" ind1=" " ind2=" ">
    <subfield code="0">0</subfield>
    <subfield code="1">0</subfield>
    <subfield code="2">ddc</subfield>
    <subfield code="4">0</subfield>
    <subfield code="7">0</subfield>
    <subfield code="8">ECO</subfield>
    <subfield code="a">AL</subfield>
    <subfield code="b">AL</subfield>
    <subfield code="d">2013-03-24</subfield>
    <subfield code="g">295.00</subfield>
    <subfield code="l">0</subfield>
    <subfield code="o">331.89 SHEI</subfield>
    <subfield code="p">D04893</subfield>
    <subfield code="r">2023-04-20 00:00:00</subfield>
    <subfield code="v">295.00</subfield>
    <subfield code="w">2022-01-24</subfield>
    <subfield code="y">DB</subfield>
    <subfield code="z">Donated by George Fernandes</subfield>
  </datafield>
  <datafield tag="952" ind1=" " ind2=" ">
    <subfield code="0">0</subfield>
    <subfield code="1">0</subfield>
    <subfield code="2">ddc</subfield>
    <subfield code="4">0</subfield>
    <subfield code="7">0</subfield>
    <subfield code="8">ECO</subfield>
    <subfield code="a">AL</subfield>
    <subfield code="b">AL</subfield>
    <subfield code="d">2013-03-24</subfield>
    <subfield code="g">295.00</subfield>
    <subfield code="l">0</subfield>
    <subfield code="o">331.89 SHEI</subfield>
    <subfield code="p">D04894</subfield>
    <subfield code="r">2023-04-20 00:00:00</subfield>
    <subfield code="v">295.00</subfield>
    <subfield code="w">2022-01-24</subfield>
    <subfield code="y">DB</subfield>
    <subfield code="z">Donated by George Fernandes</subfield>
  </datafield>
</record>
